| 000 | 00622nam a2200181 a 4500 | ||
|---|---|---|---|
| 003 | MX-MxUPN | ||
| 005 | 20240611063659.0 | ||
| 008 | 991125s1930 mx r 000 0 spa d | ||
| 035 | _aUPN01000006887 | ||
| 040 |
_aMX-MxUPN _bspa _cMX-MxUPN |
||
| 041 | 0 | _aspa | |
| 050 | 4 |
_aU108 _bC37 |
|
| 245 | 0 | 0 | _aCartilla de ejercicios militares formada por orden de la Secretaría de Guerra y Marina para que pueda ser aprovechada en las escuelas de instrucción primaria |
| 260 |
_aMéxico : _bEusebio Gómez de la Puente, _c[1930?]. |
||
| 300 | _a149 páginas | ||
| 650 | 4 |
_aEducación militar _zMéxico _917196 |
|
| 942 |
_2lcc _cLIBRO |
||
| 999 |
_c6887 _d6887 |
||